Obras completas (Record no. 169770)

MARC details
000 -LEADER
campo de control de longitud fija 01270nam a2200241 i 4500
001 - NÚMERO DE CONTROL
campo de control 169770
003 - IDENTIFICADOR DE NÚMERO DE CONTROL
campo de control ES-MaACL
005 - FECHA Y HORA DE LA ÚLTIMA TRANSACCIÓN
campo de control 20231227160948.0
008 - DATOS DE LONGITUD FIJA--INFORMACIÓN GENERAL
campo de control de longitud fija 081125s1956 sp f |||| | spa d
080 ## - NÚMERO DE LA CLASIFICACIÓN DECIMAL UNIVERSAL
Número de la Clasificación Decimal Universal 821.134.2-23"19"
100 1# - ENTRADA PRINCIPAL--NOMBRE DE PERSONA
Nombre de persona Benavente, Jacinto,
Fechas asociadas al nombre 1866-1954
9 (RLIN) 27443
245 10 - MENCIÓN DEL TÍTULO
Título Obras completas
Resto del título : con una nota preliminar del autor /
Mención de responsabilidad, etc. Jacinto Benavente.
250 ## - MENCION DE EDICION
Mención de edición 5ª ed.
260 ## - PUBLICACIÓN, DISTRIBUCIÓN, ETC.
Lugar de publicación, distribución, etc. Madrid :
Nombre del editor, distribuidor, etc. Aguilar,
Fecha de publicación, distribución, etc. 1956.
300 ## - DESCRIPCIÓN FÍSICA
Extensión 1198 p., [2] h. de lám. ;
Dimensiones 14 cm.
490 1# - MENCIÓN DE SERIE
Mención de serie Joya
500 ## - NOTA GENERAL
Nota general En port.: Premio Nobel de Literatura 1922.
505 8# - NOTA DE CONTENIDO CON FORMATO
Nota de contenido con formato T. I. El nido ajeno ; Gente conocida ; El marido de la Téllez ; De alivio ; Don Juan ; La farándula ; La comida de las fieras ; Teatro feminista ; Cuento de amor ; Operación quirúrgica ; Despedida cruel ; La gata de Angora ; Viaje de instrucción ; Por la herida ; Modas ; Lo cursi ; Sin querer ; Sacrificios ; La gobernadora ; El primo Román ; Amor de amar ; ¡Libertad! ; El tren de los maridos ; Alma triunfante ; El automóvil ; La noche del sábado.
599 ## - NOTA A LAS ILUSTRACIONES
NOTA A LAS ILUSTRACIONES Lám.: Fot. y firma del autor. Tít. del Premio Nobel al autor en 1922.
830 0# - PUNTO DE ACCESO ADICIONAL DE SERIE-TÍTULO UNIFORME
Título uniforme Joya
9 (RLIN) 188875
852 ## - LOCALIZACIÓN
Ubicación ES-MaACL
Número de control de estantería E-12323
Nota libre . - Biblioteca Jacinto Martínez Lacalle
Holdings
Estatus retirado Estado de pérdida Estado de daño No para préstamo Biblioteca de origen Biblioteca actual Ubicación en estantería Fecha de adquisición Fuente de adquisición Total de préstamos Signatura topográfica completa Código de barras Visto por última vez Precio de reemplazo Tipo de ítem Koha
        Biblioteca del Ateneo de Madrid Biblioteca del Ateneo de Madrid Depósito 2 25/11/2008     E-12323 1178241 23/02/2023 23/02/2023 Libro impreso